000 00854cab a22002175a 4500
001 L153981
008 110928e20110923xxk 000 0 eng d
035 _a(Sirsi) u153981
041 0 _aeng
100 1 _aBarrie, Giles
245 0 0 _aBCSC reveals retail's uphill progress
260 _c2011
490 0 _aProperty Week
_v77(38) 23 September 2011, 27(1)
520 _aSummarises the 12 most important things to come out of BCSC's annual shopping centre conference held in Manchester.
590 _aKA
651 4 _aUnited Kingdom
_y
690 _aPROPERTY-COMMERCIAL PROPERTY-RETAIL PROPERTY- SHOPPING CENTRE, MALL AND ARCADE PROPERTY-SHOPPING CENTRES, MALLS AND ARCADES
690 _aPROPERTY-COMMERCIAL PROPERTY-COMMERCIAL PROPERTY MARKET
690 _aPROPERTY-COMMERCIAL PROPERTY-COMMERCIAL PROPERTY FINANCE AND INVESTMENT
942 _n0
999 _c83436
_d83436